| 000 | 00712nam a2200241 a 4500 | ||
|---|---|---|---|
| 001 | 70787 | ||
| 003 | BD-RjUL | ||
| 005 | 20211209082036.0 | ||
| 008 | 170419s1962 nyu 001 0 eng | ||
| 035 | _a(BD-RjUL)71001 | ||
| 040 |
_aDLC _cMBNU _dDLC _dBD-RjUL _beng |
||
| 041 | _aeng | ||
| 082 |
_a660.284 _223 _bNOA 1962 |
||
| 100 | 1 |
_aNorman, W. S. _9209518 |
|
| 245 | 1 | 0 |
_aAbsorption, distillation and cooling towers / _cW S Norman |
| 260 |
_aNew York : _bWiley, _cc1961 [impression 1962] |
||
| 300 |
_a477 p. : _bill. ; _c23 cm. |
||
| 504 | _aIncludes bibliography. | ||
| 650 | 0 |
_aDistillation apparatus. _9209519 |
|
| 650 | 0 |
_aPacked towers. _9209520 |
|
| 650 | 0 |
_aCooling towers. _9209521 |
|
| 942 |
_2ddc _cBK |
||
| 999 |
_c70787 _d70787 |
||